[Event "5th Banja Luka it"]
[Site "Banja Luka YUG"]
[Date "1983.04.08"]
[Round "1"]
[White "Sznapik, Aleksander"]
[Black "Chekhov, Valery"]
[Result "1/2-1/2"]
[WhiteElo "2460"]
[BlackElo "2510"]
[EventDate "1983.04.08"]
[PlyCount "34"]

1.e4 Nf6 2.e5 Nd5 3.d4 d6 4.Nf3 Bg4 5.Be2 e6 6.O-O c6 7.c4 Nc7 8.exd6 Bxd6
9.Nc3 O-O 10.Qb3 Qc8 11.Ne4 Be7 12.Bf4 Rd8 13.Rad1 Ne8 14.Qe3 Nd7 15.h3 
Bxf3 16.Bxf3 Ndf6 17.Nc3 Bd6 1/2-1/2

[Event "5th Banja Luka it"]
[Site "Banja Luka YUG"]
[Date "1983.04.08"]
[Round "1"]
[White "Filipovic, Branko"]
[Black "Hulak, Krunoslav"]
[Result "1/2-1/2"]
[WhiteElo "2335"]
[BlackElo "2515"]
[EventDate "1983.04.08"]
[PlyCount "60"]

1.e4 c5 2.Nf3 e6 3.d4 cxd4 4.Nxd4 Nf6 5.Nc3 d6 6.Be2 Be7 7.O-O Nc6 8.Be3 
Bd7 9.f4 Nxd4 10.Qxd4 Bc6 11.Kh1 O-O 12.Rad1 Qb8 13.e5 dxe5 14.fxe5 Nd7 
15.Bf4 Bc5 16.Qd3 Bb6 17.Qg3 Bc7 18.Rxd7 Bxd7 19.Ne4 Kh8 20.Bd3 Qd8 21.Bg5
f6 22.Nxf6 gxf6 23.Rxf6 Rxf6 24.Qh4 Rf1+ 25.Bxf1 Qe8 26.Bd3 Qf7 27.Bf6+ 
Kg8 28.Qg5+ Kf8 29.Qh6+ Kg8 30.Qg5+ Kf8 1/2-1/2

[Event "5th Banja Luka it"]
[Site "Banja Luka YUG"]
[Date "1983.04.08"]
[Round "1"]
[White "Vukic, Milan"]
[Black "Bukic, Enver"]
[Result "1/2-1/2"]
[WhiteElo "2465"]
[BlackElo "2470"]
[EventDate "1983.04.08"]
[PlyCount "31"]

1.d4 Nf6 2.c4 e6 3.Nf3 b6 4.g3 Ba6 5.b3 Bb4+ 6.Bd2 Be7 7.Bg2 c6 8.O-O d5 
9.cxd5 cxd5 10.Ne5 O-O 11.Nc3 Nfd7 12.Nxd7 Qxd7 13.Re1 Nc6 14.e3 Rac8 15.
Bf1 Bxf1 16.Rxf1 1/2-1/2

[Event "5th Banja Luka it"]
[Site "Banja Luka YUG"]
[Date "1983.04.09"]
[Round "2"]
[White "Kurajica, Bojan"]
[Black "Vukic, Milan"]
[Result "1-0"]
[WhiteElo "2510"]
[BlackElo "2465"]
[EventDate "1983.04.08"]
[PlyCount "113"]

1.d4 Nf6 2.Nf3 g6 3.g3 Bg7 4.Bg2 O-O 5.O-O d6 6.c4 c6 7.Nc3 Qa5 8.Bg5 Be6 
9.d5 cxd5 10.Nd4 Bd7 11.Bxf6 exf6 12.Nb3 Qd8 13.Qxd5 Bc6 14.Qd2 Qc7 15.
Rac1 a5 16.Nb5 Bxb5 17.cxb5 Qb6 18.Qd5 Nd7 19.Qxb7 Qxb7 20.Bxb7 Ra7 21.Bg2
a4 22.Nd4 Nc5 23.Rfd1 Ra5 24.b4 axb3 25.axb3 Ra3 26.b6 f5 27.b4 Ne4 28.Nc6
Nc3 29.Rxc3 Bxc3 30.b7 Rb3 31.b8=Q Rxb8 32.Nxb8 Bxb4 33.Na6 Ba3 34.Bd5 Rb6
35.Bc4 Rc6 36.Ra1 Bb2 37.Ra2 Be5 38.Bd5 Rc1+ 39.Kg2 f4 40.Nb4 fxg3 41.Nd3 
Rc7 42.Nxe5 dxe5 43.hxg3 Kg7 44.Rb2 Rd7 45.e4 Kf6 46.Rb7 Rxb7 47.Bxb7 Kg5 
48.Bc8 h5 49.Bd7 f5 50.Kf3 Kf6 51.Be8 Kg5 52.Ke3 Kh6 53.f3 Kg5 54.f4+ 
exf4+ 55.gxf4+ Kf6 56.e5+ Kg7 57.Kf3 1-0

[Event "5th Banja Luka it"]
[Site "Banja Luka YUG"]
[Date "1983.04.09"]
[Round "2"]
[White "Sibarevic, Milenko"]
[Black "Filipovic, Branko"]
[Result "1/2-1/2"]
[WhiteElo "2320"]
[BlackElo "2335"]
[EventDate "1983.04.08"]
[PlyCount "32"]

1.e4 c5 2.Nf3 e6 3.d4 cxd4 4.Nxd4 Nf6 5.Nc3 Bb4 6.e5 Nd5 7.Qg4 O-O 8.Bh6 
g6 9.Bxf8 Qxf8 10.Qg3 Qc5 11.Ne2 Nc6 12.O-O-O Nxc3 13.Nxc3 Bxc3 14.Qxc3 
Qxc3 15.bxc3 Nxe5 16.Be2 Kf8 1/2-1/2

[Event "5th Banja Luka it"]
[Site "Banja Luka YUG"]
[Date "1983.04.09"]
[Round "2"]
[White "Ftacnik, Lubomir"]
[Black "Inkiov, Ventzislav"]
[Result "1/2-1/2"]
[WhiteElo "2560"]
[BlackElo "2500"]
[EventDate "1983.04.08"]
[PlyCount "121"]

1.d4 Nf6 2.c4 e6 3.Nf3 d5 4.Nc3 Be7 5.Bg5 O-O 6.e3 h6 7.Bh4 Ne4 8.Bxe7 
Qxe7 9.cxd5 Nxc3 10.bxc3 exd5 11.Qb3 Rd8 12.Bd3 c5 13.Qa3 b6 14.O-O Nd7 
15.Rfe1 Bb7 16.Rab1 Qe6 17.Qb2 c4 18.Bc2 Re8 19.Nd2 Nf6 20.Re2 Ne4 21.Nf1 
f5 22.Rbe1 Re7 23.f3 Nd6 24.Ng3 Rf8 25.Qb4 Kh8 26.h3 Qd7 27.h4 Qc7 28.Nh5 
g5 29.Kf2 a5 30.Qb1 Rh7 31.Rh1 Bc6 32.Ree1 Be8 33.hxg5 hxg5 34.Ng3 Bg6 35.
Rxh7+ Bxh7 36.Rh1 Ne4+ 37.Nxe4 fxe4 38.Rh6 g4 39.Qxb6 g3+ 40.Kg1 Qxb6 41.
Rxb6 exf3 42.Rh6 f2+ 43.Kf1 Rf7 44.Rh3 Re7 45.e4 dxe4 46.d5 Re8 47.a3 Re5 
48.d6 Re6 49.Rxg3 Rxd6 50.Re3 Rd8 51.Ba4 Rd2 52.Bc6 Ra2 53.Bxe4 Bg8 54.Re2
Rxa3 55.Kxf2 a4 56.Bc6 Ra1 57.Ke3 a3 58.Kd4 Rd1+ 59.Kc5 Rc1 60.Kb4 Rb1+ 
61.Kxa3 1/2-1/2

[Event "5th Banja Luka it"]
[Site "Banja Luka YUG"]
[Date "1983.04.10"]
[Round "3"]
[White "Inkiov, Ventzislav"]
[Black "Sznapik, Aleksander"]
[Result "1-0"]
[WhiteElo "2500"]
[BlackElo "2460"]
[EventDate "1983.04.08"]
[PlyCount "103"]

1.d4 Nf6 2.c4 g6 3.Nc3 Bg7 4.Nf3 O-O 5.Bg5 c5 6.e3 d6 7.Be2 h6 8.Bh4 g5 9.
Bg3 Nh5 10.dxc5 Nxg3 11.hxg3 dxc5 12.Qc2 f5 13.Rd1 Qa5 14.Nd2 Nc6 15.Nb3 
Qc7 16.Nd5 Qb8 17.Nxc5 b6 18.Nb3 e6 19.Nc3 Bb7 20.O-O f4 21.exf4 gxf4 22.
gxf4 Rxf4 23.g3 Rf5 24.f4 a5 25.a4 Nb4 26.Qd2 e5 27.Qd7 Rf8 28.Qg4 Bc6 29.
Bf3 Qc8 30.f5 Rxf5 31.Rd8+ Qxd8 32.Qxf5 Rc8 33.Bxc6 Rxc6 34.Qf7+ Kh8 35.
Ne4 Qd3 36.Nbd2 Qe3+ 37.Kh1 Rc8 38.Qg6 Rc6 39.Qg4 Rc7 40.Qe6 Rc6 41.Qe8+ 
Kh7 42.Qh5 Rc7 43.Nf6+ Bxf6 44.Rxf6 Qg5 45.Qf3 Rg7 46.Ne4 Qg4 47.Qe3 Qh5+ 
48.Kg2 Nc2 49.Qd2 Nd4 50.Qd3 Nf5 51.Rf8 Nh4+ 52.Kf1 1-0

[Event "5th Banja Luka it"]
[Site "Banja Luka YUG"]
[Date "1983.04.10"]
[Round "3"]
[White "Filipovic, Branko"]
[Black "Ftacnik, Lubomir"]
[Result "1-0"]
[WhiteElo "2335"]
[BlackElo "2560"]
[EventDate "1983.04.08"]
[PlyCount "159"]

1.e4 c5 2.Nf3 d6 3.d4 Nf6 4.Nc3 cxd4 5.Qxd4 a6 6.Bg5 Nbd7 7.O-O-O Qa5 8.
Kb1 e6 9.Bc4 Be7 10.Rhe1 O-O 11.e5 dxe5 12.Nxe5 Nxe5 13.Rxe5 Qc7 14.Ree1 
h6 15.Bf4 Qc5 16.Qxc5 Bxc5 17.Bd6 Bxd6 18.Rxd6 Bd7 19.a4 Rac8 20.Bb3 Bc6 
21.f3 Rfd8 22.Red1 Rxd6 23.Rxd6 g5 24.Rxe6 Kg7 25.Re7 Rf8 26.Ne2 Nd5 27.
Bxd5 Bxd5 28.Nd4 Rd8 29.c3 Kf6 30.Re1 h5 31.g3 h4 32.Kc2 hxg3 33.hxg3 Rh8 
34.Kd3 Rh3 35.g4 Rh2 36.c4 Bc6 37.b3 Bd7 38.Re3 b6 39.Ne2 Bc6 40.Nd4 Bd7 
41.Ne2 Bc6 42.Nc3 Rb2 43.Nd5+ Bxd5 44.Kc3 Rb1 45.cxd5 Rc1+ 46.Kd4 Rd1+ 47.
Rd3 Ra1 48.Re3 Rd1+ 49.Ke4 Ra1 50.Rc3 Re1+ 51.Kd4 Rd1+ 52.Ke4 Re1+ 53.Kd3 
Ke5 54.Rc7 Rd1+ 55.Kc2 Rf1 56.Rxf7 Kxd5 57.Kc3 Rc1+ 58.Kb4 Rc5 59.Rf6 a5+ 
60.Ka3 b5 61.axb5 Rxb5 62.Rf5+ Kc6 63.Rxb5 Kxb5 64.Kb2 Kc6 65.Kc3 Kc5 66.
Kd3 Kd5 67.Ke3 Ke5 68.f4+ gxf4+ 69.Kf3 Kd4 70.Kxf4 Kc3 71.g5 Kxb3 72.g6 a4
73.g7 a3 74.g8=Q+ Kb2 75.Qg2+ Ka1 76.Qf1+ Kb2 77.Qe2+ Ka1 78.Qd1+ Kb2 79.
Qd2+ Kb1 80.Qb4+ 1-0

[Event "5th Banja Luka it"]
[Site "Banja Luka YUG"]
[Date "1983.04.10"]
[Round "3"]
[White "Vukic, Milan"]
[Black "Hulak, Krunoslav"]
[Result "0-1"]
[WhiteElo "2465"]
[BlackElo "2515"]
[EventDate "1983.04.08"]
[PlyCount "82"]

1.Nf3 Nf6 2.c4 c5 3.Nc3 Nc6 4.d4 cxd4 5.Nxd4 e6 6.g3 Qb6 7.Nb3 d5 8.cxd5 
Nxd5 9.Nxd5 exd5 10.Bg2 Bb4+ 11.Bd2 a5 12.O-O Bxd2 13.Qxd2 a4 14.Nc1 O-O 
15.Nd3 d4 16.Rac1 Ra5 17.Rfe1 Bd7 18.a3 Re8 19.Rc4 Bg4 20.Nb4 Rae5 21.Nxc6
Rxe2 22.Rxe2 Rxe2 23.Qf4 Re1+ 24.Bf1 h5 25.Qb8+ Kh7 26.Kg2 Qb3 27.Qf4 Rxf1
28.Rxd4 Re1 29.Ne5 Qb5 30.Nd3 Rd1 31.Qd6 Bf5 32.Ne5 Qf1+ 33.Kf3 Re1 34.Qd5
f6 35.Nd3 Qe2+ 36.Kg2 Be4+ 37.Rxe4 Qxe4+ 38.Qxe4+ Rxe4 39.Kf3 f5 40.Nc5 
Rc4 41.Nxb7 Rc2 0-1

[Event "5th Banja Luka it"]
[Site "Banja Luka YUG"]
[Date "1983.04.11"]
[Round "4"]
[White "Sznapik, Aleksander"]
[Black "Filipovic, Branko"]
[Result "1-0"]
[WhiteElo "2460"]
[BlackElo "2335"]
[EventDate "1983.04.08"]
[PlyCount "75"]

1.e4 c5 2.Nf3 Nc6 3.d4 cxd4 4.Nxd4 Nf6 5.Nc3 e6 6.Ndb5 d6 7.Bf4 e5 8.Bg5 
a6 9.Na3 b5 10.Nd5 Be7 11.Bxf6 Bxf6 12.c3 O-O 13.Nc2 Bg5 14.a4 bxa4 15.
Rxa4 a5 16.Bc4 Rb8 17.Ra2 Kh8 18.O-O f5 19.exf5 Bxf5 20.Nce3 Bg6 21.Qa4 
Be8 22.Bb5 Nb4 23.Bxe8 Nxa2 24.Bb5 Bxe3 25.Nxe3 Rf4 26.Bc4 Rxb2 27.Qa3 Qb6
28.g3 Rf3 29.Bd5 e4 30.Bxa2 Rxe3 31.Qa4 g6 32.Qe8+ Kg7 33.Qe7+ Kh6 34.Qf8+
Kh5 35.Be6 Rb5 36.Qf4 Rxg3+ 37.hxg3 g5 38.Bf7+ 1-0

[Event "5th Banja Luka it"]
[Site "Banja Luka YUG"]
[Date "1983.04.13"]
[Round "5"]
[White "Inkiov, Ventzislav"]
[Black "Chekhov, Valery"]
[Result "1/2-1/2"]
[WhiteElo "2500"]
[BlackElo "2510"]
[EventDate "1983.04.08"]
[PlyCount "27"]

1.e4 e5 2.Nf3 Nf6 3.Nxe5 d6 4.Nf3 Nxe4 5.Qe2 Qe7 6.d3 Nf6 7.Bg5 Nbd7 8.Nc3
Qxe2+ 9.Bxe2 h6 10.Bh4 g5 11.Bg3 Nb6 12.O-O-O Bd7 13.Nd2 O-O-O 14.h3 
1/2-1/2

[Event "5th Banja Luka it"]
[Site "Banja Luka YUG"]
[Date "1983.04.13"]
[Round "5"]
[White "Adorjan, Andras"]
[Black "Sznapik, Aleksander"]
[Result "1-0"]
[WhiteElo "2530"]
[BlackElo "2460"]
[EventDate "1983.04.08"]
[PlyCount "87"]

1.c4 g6 2.e4 Bg7 3.d4 d6 4.Nc3 Nf6 5.f3 O-O 6.Bg5 c5 7.d5 Qa5 8.a4 a6 9.
Ne2 e6 10.Ng3 exd5 11.cxd5 Re8 12.Be2 h5 13.O-O Nh7 14.Be3 Bxc3 15.bxc3 
Qxc3 16.Qc1 Qxc1 17.Rfxc1 Nd7 18.Bf4 Ne5 19.Rcb1 f6 20.Rb6 Rd8 21.Bxe5 
fxe5 22.Nf1 Kf8 23.Ne3 Ke7 24.Nc4 Nf6 25.h4 Ra7 26.Rab1 Ne8 27.Bd3 Nc7 28.
Na5 Na8 29.R6b2 Rd7 30.f4 exf4 31.Rf1 Rd8 32.Rxf4 Bd7 33.Rbf2 Be8 34.Rf8 
Kd7 35.Nc4 Kc7 36.e5 dxe5 37.d6+ Kc8 38.Nxe5 b5 39.axb5 axb5 40.Bxb5 Bxb5 
41.Rxd8+ Kxd8 42.Rf8+ Be8 43.Nc6+ Kd7 44.Nxa7 1-0

[Event "5th Banja Luka it"]
[Site "Banja Luka YUG"]
[Date "1983.04.13"]
[Round "5"]
[White "Vukic, Milan"]
[Black "Ftacnik, Lubomir"]
[Result "1-0"]
[WhiteElo "2465"]
[BlackElo "2560"]
[EventDate "1983.04.08"]
[PlyCount "117"]

1.d4 Nf6 2.c4 g6 3.Nf3 Bg7 4.g3 d5 5.cxd5 Nxd5 6.Bg2 Nb6 7.Nc3 O-O 8.O-O 
Nc6 9.e3 e5 10.d5 Ne7 11.e4 Bg4 12.Qb3 c6 13.Nh4 cxd5 14.exd5 Nec8 15.a4 
Nd6 16.a5 Nbc4 17.Qb4 Rc8 18.h3 Bh5 19.Ra2 g5 20.g4 Bxg4 21.hxg4 gxh4 22.
b3 h3 23.Bxh3 Qh4 24.Kh2 e4 25.Bf4 Be5 26.Ne2 Qe7 27.bxc4 Bxf4+ 28.Nxf4 
Qe5 29.Kg3 h5 30.c5 f5 31.gxh5 Kh7 32.Qd2 Rxc5 33.Kg2 Rg8+ 34.Kh1 Rc3 35.
Rg1 Rf3 36.Rxg8 Kxg8 37.Rc2 Qxf4 38.Qxf4 Rxf4 39.Kg2 Rh4 40.a6 Rxh5 41.
Rc8+ Kg7 42.axb7 Nxb7 43.Rc7+ Kf6 44.Rxb7 Ke5 45.Rb5 Rg5+ 46.Kf1 Kd6 47.
Ra5 a6 48.f4 exf3 49.Kf2 Rh5 50.Bf1 Rh4 51.Bxa6 Rd4 52.Bb7 Rd3 53.Ra6+ Ke5
54.Re6+ Kf4 55.d6 Rd2+ 56.Ke1 f2+ 57.Kf1 Kg3 58.Rg6+ Kf4 59.Bc6 1-0

[Event "5th Banja Luka it"]
[Site "Banja Luka YUG"]
[Date "1983.04.13"]
[Round "5"]
[White "Bukic, Enver"]
[Black "Kurajica, Bojan"]
[Result "1/2-1/2"]
[WhiteElo "2470"]
[BlackElo "2510"]
[EventDate "1983.04.08"]
[PlyCount "40"]

1.d4 d5 2.Nf3 Nf6 3.Bf4 Bf5 4.e3 e6 5.Bd3 Bg6 6.O-O Bd6 7.Bxd6 Qxd6 8.Ne5 
Bxd3 9.Qxd3 O-O 10.Nd2 c5 11.c3 Nfd7 12.Ndf3 Nxe5 13.Nxe5 Nc6 14.f4 f6 15.
Nf3 cxd4 16.Nxd4 Rad8 17.f5 Nxd4 18.cxd4 Rc8 19.Rac1 exf5 20.Qxf5 Rc6 
1/2-1/2

[Event "5th Banja Luka it"]
[Site "Banja Luka YUG"]
[Date "1983.04.14"]
[Round "6"]
[White "Chekhov, Valery"]
[Black "Kurajica, Bojan"]
[Result "1/2-1/2"]
[WhiteElo "2510"]
[BlackElo "2510"]
[EventDate "1983.04.08"]
[PlyCount "71"]

1.Nf3 Nf6 2.c4 e6 3.Nc3 Bb4 4.Qc2 b6 5.d4 Bb7 6.a3 Bxc3+ 7.Qxc3 a5 8.b3 
O-O 9.Bb2 c5 10.e3 Na6 11.Be2 Ne4 12.Qd3 d5 13.O-O a4 14.Rab1 axb3 15.Qxb3
Nd6 16.dxc5 Nxc5 17.Qc3 f6 18.cxd5 Bxd5 19.Bc1 Qe7 20.Nd4 Rfc8 21.Qb4 Be4 
22.Rb2 Ra4 23.Qxb6 Nc4 24.Bxc4 Rxc4 25.Rd2 Na4 26.Qb3 Bd5 27.Qd1 Qb7 28.
Ne2 Bxg2 29.Rd7 Qa8 30.Nf4 Bf3 31.Qd6 Rxc1 32.Rxg7+ Kh8 33.Rxh7+ Kxh7 34.
Qe7+ Kg8 35.Qxe6+ Kg7 36.Qe7+ 1/2-1/2

[Event "5th Banja Luka it"]
[Site "Banja Luka YUG"]
[Date "1983.04.14"]
[Round "6"]
[White "Hulak, Krunoslav"]
[Black "Bukic, Enver"]
[Result "1/2-1/2"]
[WhiteElo "2515"]
[BlackElo "2470"]
[EventDate "1983.04.08"]
[PlyCount "25"]

1.g3 d5 2.Bg2 c6 3.d3 Bg4 4.Nf3 Nd7 5.Nbd2 Ngf6 6.O-O e5 7.e4 dxe4 8.dxe4 
Bc5 9.h3 Bxf3 10.Qxf3 O-O 11.Rd1 Qe7 12.Nc4 Rfd8 13.Bg5 1/2-1/2

[Event "5th Banja Luka it"]
[Site "Banja Luka YUG"]
[Date "1983.04.14"]
[Round "6"]
[White "Sznapik, Aleksander"]
[Black "Vukic, Milan"]
[Result "0-1"]
[WhiteElo "2460"]
[BlackElo "2465"]
[EventDate "1983.04.08"]
[PlyCount "114"]

1.e4 c5 2.Nf3 e6 3.d4 cxd4 4.Nxd4 Nf6 5.Nc3 Nc6 6.Ndb5 d6 7.Bf4 e5 8.Bg5 
a6 9.Na3 b5 10.Nd5 Be7 11.Bxf6 Bxf6 12.c3 O-O 13.Nc2 Rb8 14.Be2 Bg5 15.O-O
a5 16.Qd3 Be6 17.Rfd1 Qd7 18.Qg3 h6 19.Nce3 Kh8 20.Rd3 Ne7 21.Nxe7 Bxe7 
22.Rad1 Qb7 23.Nd5 Bg5 24.h4 Bd8 25.Bg4 Rc8 26.Qh3 Qd7 27.Bf5 g6 28.Bxe6 
fxe6 29.Qe3 Qg7 30.Qh3 Qg8 31.Qe3 Rf7 32.Qh3 Rf8 33.Qe3 Qg7 34.Qh3 exd5 
35.Qxc8 Bxh4 36.Qg4 Bxf2+ 37.Kh1 Rf4 38.Qc8+ Kh7 39.g3 Rf8 40.Qg4 h5 41.
Qe2 h4 42.g4 Bc5 43.Rf3 Rxf3 44.Qxf3 dxe4 45.Qxe4 Qf6 46.Qg2 Kh6 47.Rf1 
Qe7 48.Qf3 Qe6 49.Kg2 d5 50.Kh3 Kg5 51.b4 axb4 52.cxb4 Bb6 53.Qe2 e4 54.
Rd1 Qe5 55.Qd2+ e3 56.Qxd5 Qxd5 57.Rxd5+ Kf4 0-1

[Event "5th Banja Luka it"]
[Site "Banja Luka YUG"]
[Date "1983.04.14"]
[Round "6"]
[White "Inkiov, Ventzislav"]
[Black "Filipovic, Branko"]
[Result "1-0"]
[WhiteElo "2500"]
[BlackElo "2335"]
[EventDate "1983.04.08"]
[PlyCount "65"]

1.d4 Nf6 2.c4 g6 3.Nc3 d5 4.Nf3 Bg7 5.Bf4 O-O 6.e3 c5 7.dxc5 Ne4 8.Rc1 
Nxc3 9.bxc3 dxc4 10.Qxd8 Rxd8 11.Bxc4 Nd7 12.Rd1 Rf8 13.Bg5 Bxc3+ 14.Ke2 
Bf6 15.Bxf6 Nxf6 16.Ne5 Ne4 17.Rc1 b6 18.cxb6 axb6 19.Bd5 Ra4 20.Rhd1 Ba6+
21.Ke1 Nc5 22.Rc2 Kg7 23.Bb3 Re4 24.Nd7 Nd3+ 25.Rxd3 Bxd3 26.Rc3 Ba6 27.
Nxf8 Kxf8 28.f4 Rb4 29.a4 Bb7 30.g3 e6 31.Kd2 Bd5 32.Bc2 Be4 33.Rc8+ 1-0

[Event "5th Banja Luka it"]
[Site "Banja Luka YUG"]
[Date "1983.04.15"]
[Round "7"]
[White "Filipovic, Branko"]
[Black "Chekhov, Valery"]
[Result "1/2-1/2"]
[WhiteElo "2335"]
[BlackElo "2510"]
[EventDate "1983.04.08"]
[PlyCount "34"]

1.e4 c5 2.Nf3 d6 3.d4 cxd4 4.Qxd4 Nc6 5.Bb5 Bd7 6.Bxc6 Bxc6 7.Nc3 Nf6 8.
Bg5 e6 9.O-O-O Be7 10.Rhe1 O-O 11.e5 dxe5 12.Qh4 Qe8 13.Nxe5 h6 14.Bxh6 
gxh6 15.Nxc6 bxc6 16.Qxh6 Nh7 17.Re5 f6 1/2-1/2

[Event "5th Banja Luka it"]
[Site "Banja Luka YUG"]
[Date "1983.04.15"]
[Round "7"]
[White "Bukic, Enver"]
[Black "Sibarevic, Milenko"]
[Result "1/2-1/2"]
[WhiteElo "2470"]
[BlackElo "2320"]
[EventDate "1983.04.08"]
[PlyCount "74"]

1.d4 Nf6 2.c4 e6 3.Nf3 d5 4.Bg5 Be7 5.Nc3 h6 6.Bh4 O-O 7.e3 b6 8.Bd3 Bb7 
9.O-O dxc4 10.Bxc4 Nbd7 11.Qe2 Ne4 12.Bg3 Bd6 13.Nxe4 Bxe4 14.Rfd1 Qe7 15.
Rac1 Bxg3 16.hxg3 c5 17.Bb5 Rfd8 18.Bxd7 Rxd7 19.dxc5 Rxd1+ 20.Qxd1 bxc5 
21.Qa4 Qb7 22.Rxc5 Bxf3 23.gxf3 Qxf3 24.Qf4 Qd1+ 25.Kg2 Qb1 26.Rc7 Rf8 27.
Rxa7 Qxb2 28.Qf3 e5 29.Qd5 Qb8 30.Rb7 Qa8 31.e4 Kh7 32.Kh2 Qe8 33.Kg1 f6 
34.Ra7 Qc8 35.Qd7 Qxd7 36.Rxd7 Ra8 37.Rd2 Ra4 1/2-1/2

[Event "5th Banja Luka it"]
[Site "Banja Luka YUG"]
[Date "1983.04.15"]
[Round "7"]
[White "Kurajica, Bojan"]
[Black "Hulak, Krunoslav"]
[Result "1/2-1/2"]
[WhiteElo "2510"]
[BlackElo "2515"]
[EventDate "1983.04.08"]
[PlyCount "29"]

1.e4 e5 2.Nf3 Nf6 3.Nxe5 d6 4.Nf3 Nxe4 5.Qe2 Qe7 6.d3 Nf6 7.Bg5 Nbd7 8.c4 
h6 9.Bd2 Nc5 10.Qxe7+ Bxe7 11.b4 Na4 12.Nc3 Nxc3 13.Bxc3 O-O 14.Be2 Nh5 
15.g3 1/2-1/2

[Event "5th Banja Luka it"]
[Site "Banja Luka YUG"]
[Date "1983.04.16"]
[Round "8"]
[White "Chekhov, Valery"]
[Black "Hulak, Krunoslav"]
[Result "1/2-1/2"]
[WhiteElo "2510"]
[BlackElo "2515"]
[EventDate "1983.04.08"]
[PlyCount "81"]

1.d4 Nf6 2.Nf3 e6 3.g3 c5 4.Bg2 Nc6 5.O-O cxd4 6.Nxd4 Bc5 7.Nb3 Be7 8.c4 
d6 9.Nc3 O-O 10.Bf4 Nh5 11.Be3 Nf6 12.Rc1 Ng4 13.Bd2 Nge5 14.Nb5 a6 15.
N5d4 Bd7 16.Bc3 Rc8 17.Nxc6 Nxc6 18.Nd4 Qc7 19.b3 Qb8 20.Qd2 Rfd8 21.Rfd1 
Bf8 22.a4 Nxd4 23.Bxd4 Bc6 24.Bb6 Re8 25.e4 Be7 26.a5 Rf8 27.Rc3 Rce8 28.
Rd3 Qc8 29.Qe2 f5 30.exf5 Bxg2 31.Kxg2 Rxf5 32.Re1 Bf8 33.Rf3 Qc6 34.Qe4 
Rxf3 35.Kxf3 Kf7 36.Re3 Be7 37.Ke2 Qxe4 38.Rxe4 h5 39.Kd3 g5 40.h3 Rc8 41.
Bd4 1/2-1/2

[Event "5th Banja Luka it"]
[Site "Banja Luka YUG"]
[Date "1983.04.16"]
[Round "8"]
[White "Inkiov, Ventzislav"]
[Black "Vukic, Milan"]
[Result "1/2-1/2"]
[WhiteElo "2500"]
[BlackElo "2465"]
[EventDate "1983.04.08"]
[PlyCount "33"]

1.e4 c5 2.Nf3 e6 3.c3 d5 4.exd5 Qxd5 5.d4 Nf6 6.Bd3 Be7 7.O-O O-O 8.Be3 
Nc6 9.Qe2 Qh5 10.Nbd2 Nd5 11.Nc4 b6 12.Nfe5 Qxe2 13.Bxe2 Nxe5 14.Nxe5 Bd6 
15.Bf3 Bxe5 16.dxe5 Ba6 17.Bxd5 1/2-1/2

[Event "5th Banja Luka it"]
[Site "Banja Luka YUG"]
[Date "1983.04.18"]
[Round "9"]
[White "Kurajica, Bojan"]
[Black "Ftacnik, Lubomir"]
[Result "1/2-1/2"]
[WhiteElo "2510"]
[BlackElo "2560"]
[EventDate "1983.04.08"]
[PlyCount "56"]

1.d4 Nf6 2.Nf3 g6 3.g3 d5 4.Bg2 Bg7 5.O-O O-O 6.c4 dxc4 7.Na3 Na6 8.Nxc4 
c5 9.b3 Nd5 10.Bb2 b5 11.Nce5 Bb7 12.dxc5 Nxc5 13.Nc6 Qd6 14.Bxg7 Kxg7 15.
Rc1 Qxc6 16.Qd4+ Nf6 17.Qxc5 Qa6 18.Qxe7 Rfe8 19.Qb4 Rxe2 20.a4 bxa4 21.
Rc7 Bd5 22.bxa4 Rc8 23.Rxc8 Qxc8 24.Qd4 Qb7 25.Nh4 Bxg2 26.Nxg2 Re4 27.Qd1
Qd7 28.a5 Ra4 1/2-1/2

[Event "5th Banja Luka it"]
[Site "Banja Luka YUG"]
[Date "1983.04.19"]
[Round "10"]
[White "Chekhov, Valery"]
[Black "Sibarevic, Milenko"]
[Result "1-0"]
[WhiteElo "2510"]
[BlackElo "2320"]
[EventDate "1983.04.08"]
[PlyCount "65"]

1.Nf3 c5 2.c4 Nf6 3.g3 e6 4.Bg2 Be7 5.O-O O-O 6.d4 d5 7.cxd5 Nxd5 8.dxc5 
Nc6 9.a3 Bxc5 10.Qc2 Be7 11.Rd1 Bd7 12.e4 Nb6 13.Nc3 Qc7 14.Bf4 e5 15.Be3 
Nb8 16.Rac1 Rc8 17.Qe2 Nc6 18.Nd5 Qd8 19.Rc2 Nxd5 20.exd5 Nd4 21.Nxd4 exd4
22.Bxd4 Ba4 23.Rxc8 Rxc8 24.Re1 Bf8 25.Bxa7 Rc2 26.Qe4 Qa5 27.Bd4 Bb3 28.
Bc3 Qb6 29.Qd4 Qh6 30.h4 Rc1 31.Rxc1 Qxc1+ 32.Kh2 Qh6 33.Bb4 1-0

[Event "5th Banja Luka it"]
[Site "Banja Luka YUG"]
[Date "1983.04.19"]
[Round "10"]
[White "Ftacnik, Lubomir"]
[Black "Hulak, Krunoslav"]
[Result "1/2-1/2"]
[WhiteElo "2560"]
[BlackElo "2515"]
[EventDate "1983.04.08"]
[PlyCount "135"]

1.d4 Nf6 2.Nf3 e6 3.g3 c5 4.Bg2 Qa5+ 5.Nbd2 cxd4 6.Nxd4 Nc6 7.Nb3 Qc7 8.
O-O Be7 9.e4 d6 10.Qe2 b6 11.Nf3 Bb7 12.Re1 Rc8 13.c3 O-O 14.e5 Nxe5 15.
Nxe5 Bxg2 16.Kxg2 dxe5 17.Qxe5 Qb7+ 18.Kg1 Rfd8 19.Qe2 Nd5 20.a4 a6 21.Nd2
b5 22.axb5 axb5 23.Ra5 Rb8 24.Nb3 Bf6 25.Bd2 Qc6 26.Ra7 Qc4 27.Na5 Qxe2 
28.Rxe2 Rdc8 29.Re4 h6 30.Rb7 Rxb7 31.Nxb7 Ra8 32.Nc5 Be7 33.Nd3 Rd8 34.
Ne5 f5 35.Re2 Bf6 36.c4 bxc4 37.Nxc4 Kf7 38.b4 Bd4 39.Ne5+ Bxe5 40.Rxe5 
Ra8 41.h4 Ra2 42.Be3 Rb2 43.Bc5 Rb1+ 44.Kg2 g5 45.hxg5 hxg5 46.f3 Rb2+ 47.
Kf1 Nxb4 48.Bxb4 Rxb4 49.Ra5 Kf6 50.Kf2 Rb2+ 51.Kf1 Rd2 52.Ra6 Rb2 53.Ra5 
Rc2 54.Rb5 Rc4 55.Ra5 Ke7 56.Kf2 Kf6 57.Ke2 Rb4 58.Kf2 g4 59.f4 Ke7 60.Ra6
Kd7 61.Ke2 Rb2+ 62.Kf1 Rc2 63.Rb6 Rc6 64.Rb2 Rc3 65.Kf2 Rf3+ 66.Kg2 Kc6 
67.Re2 Kd5 68.Rd2+ 1/2-1/2

[Event "5th Banja Luka it"]
[Site "Banja Luka YUG"]
[Date "1983.04.19"]
[Round "10"]
[White "Sznapik, Aleksander"]
[Black "Kurajica, Bojan"]
[Result "1-0"]
[WhiteElo "2460"]
[BlackElo "2510"]
[EventDate "1983.04.08"]
[PlyCount "103"]

1.e4 c5 2.Nf3 e6 3.d4 cxd4 4.Nxd4 a6 5.c4 Nf6 6.Nc3 Bb4 7.Bd3 Nc6 8.Nxc6 
dxc6 9.e5 Nd7 10.f4 Nc5 11.Bc2 Qxd1+ 12.Kxd1 b5 13.Be3 Bb7 14.Ke2 Bxc3 15.
bxc3 Na4 16.Bxa4 bxa4 17.Rab1 O-O-O 18.Bc5 f6 19.Rb6 Rd7 20.Rhb1 fxe5 21.
fxe5 Rf7 22.Bd6 h5 23.Ke3 Rh6 24.Kd4 Rg6 25.g3 h4 26.Kc5 Rg4 27.Rd1 h3 28.
Rbb1 a5 29.a3 Re4 30.Rd2 g5 31.Rdb2 Re3 32.Rc1 g4 33.Rd2 Re4 34.Rb1 Re3 
35.Rd4 Rxc3 36.Rxg4 Rb3 37.Rg8+ Kd7 38.Rd1 Rff3 39.Bb8+ Rbd3 40.Rxd3+ Rxd3
41.Rg7+ Kc8 42.Rg8+ Kd7 43.Rg7+ Kc8 44.Bd6 Rxa3 45.g4 Ra2 46.g5 Rxh2 47.g6
a3 48.Rc7+ Kb8 49.g7 Rg2 50.Kb6 Rb2+ 51.Kxa5 Rg2 52.g8=Q+ 1-0

[Event "5th Banja Luka it"]
[Site "Banja Luka YUG"]
[Date "1983.04.20"]
[Round "11"]
[White "Hulak, Krunoslav"]
[Black "Sznapik, Aleksander"]
[Result "1/2-1/2"]
[WhiteElo "2515"]
[BlackElo "2460"]
[EventDate "1983.04.08"]
[PlyCount "73"]

1.d4 Nf6 2.c4 g6 3.Nf3 Bg7 4.g3 O-O 5.Nc3 d6 6.Bg2 Bg4 7.O-O Qc8 8.Re1 c5 
9.d5 Na6 10.e4 Nc7 11.a4 Nd7 12.h3 Bxf3 13.Qxf3 b6 14.Qd3 a6 15.f4 b5 16.
Ra2 bxc4 17.Qxc4 Rb8 18.Nd1 Qb7 19.Kh2 a5 20.Bd2 Na6 21.Bxa5 Nb4 22.Bxb4 
Qxb4 23.Qxb4 Rxb4 24.Bf1 Ra8 25.a5 Bd4 26.Re2 h5 27.a6 h4 28.Ra3 Rb6 29.
Rc2 Nf6 30.gxh4 Nxe4 31.Bc4 Rb4 32.b3 Nf6 33.Nc3 Bxc3 34.Rxc3 Ra7 35.Rc2 
Nd7 36.Kg3 Kg7 37.Kg4 1/2-1/2

[Event "5th Banja Luka it"]
[Site "Banja Luka YUG"]
[Date "1983.04.20"]
[Round "11"]
[White "Sibarevic, Milenko"]
[Black "Ftacnik, Lubomir"]
[Result "1/2-1/2"]
[WhiteElo "2320"]
[BlackElo "2560"]
[EventDate "1983.04.08"]
[PlyCount "62"]

1.e4 c5 2.Nf3 d6 3.d4 Nf6 4.Nc3 cxd4 5.Nxd4 a6 6.Be2 e6 7.O-O Be7 8.f4 O-O
9.Kh1 Qc7 10.Qe1 b5 11.Bf3 Bb7 12.e5 Ne8 13.f5 dxe5 14.fxe6 Bxf3 15.exf7+ 
Rxf7 16.Nxf3 Nd7 17.Bg5 Bxg5 18.Qe4 Rc8 19.Nxg5 Rxf1+ 20.Rxf1 Nef6 21.Nd5 
Qc4 22.Rxf6 Nxf6 23.Nxf6+ gxf6 24.Qxh7+ Kf8 25.Qh8+ Ke7 26.Qg7+ Ke8 27.
Qxf6 Qf4 28.Qe6+ Kd8 29.Qd6+ Ke8 30.Qe6+ Kd8 31.Qd6+ Ke8 1/2-1/2

[Event "5th Banja Luka it"]
[Site "Banja Luka YUG"]
[Date "1983.04.21"]
[Round "12"]
[White "Sznapik, Aleksander"]
[Black "Sibarevic, Milenko"]
[Result "1-0"]
[WhiteElo "2460"]
[BlackElo "2320"]
[EventDate "1983.04.08"]
[PlyCount "75"]

1.e4 c5 2.Nf3 e6 3.d4 cxd4 4.Nxd4 Nf6 5.Nc3 d6 6.Be2 a6 7.O-O Be7 8.f4 Qc7
9.Kh1 O-O 10.a4 b6 11.Bd3 Bb7 12.Qe2 Nbd7 13.Bd2 Nc5 14.b4 Nxd3 15.cxd3 g6
16.Rac1 Qd7 17.Be3 Rac8 18.Nf3 d5 19.Bd4 dxe4 20.dxe4 Nh5 21.Rfd1 Rfd8 22.
Qe3 Qe8 23.b5 axb5 24.Nxb5 Rxc1 25.Rxc1 Rc8 26.Rf1 Rc4 27.Nc3 Qd8 28.Rd1 
Qc7 29.Ne5 Rb4 30.h3 f6 31.Nd3 Rc4 32.Nb2 Rxd4 33.Qxd4 Ng3+ 34.Kh2 Qxf4 
35.Nd3 Qc7 36.Nb5 Qc2 37.Rc1 Qe2 38.Re1 1-0